Atlas du developpement embryonnaire precoce chez les ovins = (Record no. 15851)

000 -LEADER
fixed length control field 00626nam a2200193Ia 4500
020 ## - INTERNATIONAL STANDARD BOOK NUMBER
ISBN 2853409473
040 ## - CATALOGING SOURCE
Transcribing agency LBD
082 ## - DEWEY DECIMAL CLASSIFICATION NUMBER
Classification number 636 INS 1987 A056 Or.
100 2# - MAIN ENTRY--AUTHOR NAME
Personal name Wintenberger-Torres, Suzanne
245 10 - TITLE STATEMENT
Title Atlas du developpement embryonnaire precoce chez les ovins =
Remainder of title Atlas of the early development of the sheep embryo, (Ovis aries) /
260 ## - PUBLICATION, DISTRIBUTION, ETC. (IMPRINT)
Place of publication Paris :
Name of publisher Institut national de la recherche agronomique (INRA),
Year of publication 1987
300 ## - PHYSICAL DESCRIPTION
Number of Pages 51 p. :
Other physical details ill. ;
Dimensions 28 cm
500 ## - GENERAL NOTE
General note In French and English
650 #0 - SUBJECT ADDED ENTRY--TOPICAL TERM
Topical Term Veterinary embryology
650 #0 - SUBJECT ADDED ENTRY--TOPICAL TERM
Topical Term Sheep
650 #0 - SUBJECT ADDED ENTRY--TOPICAL TERM
Topical Term Sheep
700 10 - ADDED ENTRY--PERSONAL NAME
Personal name Sevellec, Claude
942 ## - ADDED ENTRY ELEMENTS (KOHA)
Koha item type សៀវភៅភាសាអង់គ្លេស
952 ## - LOCATION AND ITEM INFORMATION (KOHA)
Withdrawn status [LOCAL, KOHA] 0
Holdings
Permanent Location Date acquired Koha item type Lost status Shelving location Barcode Current Location Full call number
Library Block A2017-12-13សៀវភៅភាសាអង់គ្លេស A056A10200Library Block A636 INS 1987 A056 Or.
មជ្ឈមណ្ឌលឯការនៃសាកលវិទ្យាល័យភូមិន្ទកសិកម្មចំការដូង

Powered by Koha